Library Banner

Machine learning for decision makers : (Record no. 112792)

MARC details
000 -LEADER
fixed length control field 00525nam a22001695i 4500
001 - CONTROL NUMBER
control field 20171655
005 - DATE AND TIME OF LATEST TRANSACTION
control field 20190608091117.0
008 - FIXED-LENGTH DATA ELEMENTS--GENERAL INFORMATION
fixed length control field 171207s2017 nyu 000 0 eng
020 ## - INTERNATIONAL STANDARD BOOK NUMBER
International Standard Book Number 9781484229873 (hard : alk. paper)
040 ## - CATALOGING SOURCE
Transcribing agency PK-LaUMT
082 ## - DEWEY DECIMAL CLASSIFICATION NUMBER
Classification number 519.542
Item number KAS-M
100 ## - MAIN ENTRY--PERSONAL NAME
Personal name Kashyap, Patanjali
245 00 - TITLE STATEMENT
Title Machine learning for decision makers :
Remainder of title cognitive computing fundamentals for better decision making /
Statement of responsibility, etc by Patanjali Kashyap
260 ## - PUBLICATION, DISTRIBUTION, ETC. (IMPRINT)
Place of publication, distribution, etc Banglore :
Name of publisher, distributor, etc Apress,
Date of publication, distribution, etc 2017
300 ## - PHYSICAL DESCRIPTION
Extent 355 p.
942 ## - ADDED ENTRY ELEMENTS (KOHA)
Koha item type Books
Holdings
Withdrawn status Lost status Damaged status Home library Current library Date acquired Full call number Barcode Date last seen Price effective from Koha item type
      UMT Main Campus UMT Main Campus 2019-06-08 519.542 KAS-M 129534 2024-11-28 2019-06-08 Books